| 000 -LEADER |
| fixed length control field |
00347nam a2200133Ia 4500 |
| 008 - FIXED-LENGTH DATA ELEMENTS--GENERAL INFORMATION |
| fixed length control field |
230413s9999||||xx |||||||||||||| ||und|| |
| 020 ## - INTERNATIONAL STANDARD BOOK NUMBER |
| International Standard Book Number |
9789333211628 |
| 082 ## - DEWEY DECIMAL CLASSIFICATION NUMBER |
| Classification number |
004.6782 |
| Item number |
J21 |
| 100 ## - MAIN ENTRY--PERSONAL NAME |
| Personal name |
Jadhav, Bhushan & Jadhav, Sonali |
| 245 #0 - TITLE STATEMENT |
| Title |
Grid and cloud computing |
| 260 ## - PUBLICATION, DISTRIBUTION, ETC. (IMPRINT) |
| Place of publication, distribution, etc |
Pune |
| Name of publisher, distributor, etc |
Technical Publication |
| Date of publication, distribution, etc |
2017 |
| 300 ## - PHYSICAL DESCRIPTION |
| Extent |
vp |
| 942 ## - ADDED ENTRY ELEMENTS (KOHA) |
| Item type |
Books |